<?xml version="1.0" encoding="UTF-8"?><?xml-stylesheet type="text/xsl" href="static/style.xsl"?><OAI-PMH xmlns="http://www.openarchives.org/OAI/2.0/" xmlns:xsi="http://www.w3.org/2001/XMLSchema-instance" xsi:schemaLocation="http://www.openarchives.org/OAI/2.0/ http://www.openarchives.org/OAI/2.0/OAI-PMH.xsd"><responseDate>2026-04-14T03:52:33Z</responseDate><request verb="GetRecord" identifier="oai:www.recercat.cat:10230/36017" metadataPrefix="marc">https://recercat.cat/oai/request</request><GetRecord><record><header><identifier>oai:recercat.cat:10230/36017</identifier><datestamp>2025-12-18T01:27:17Z</datestamp><setSpec>com_2072_6</setSpec><setSpec>col_2072_452952</setSpec></header><metadata><record xmlns="http://www.loc.gov/MARC21/slim" xmlns:dcterms="http://purl.org/dc/terms/" xmlns:xsi="http://www.w3.org/2001/XMLSchema-instance" xmlns:doc="http://www.lyncode.com/xoai" xsi:schemaLocation="http://www.loc.gov/MARC21/slim http://www.loc.gov/standards/marcxml/schema/MARC21slim.xsd">
   <leader>00925njm 22002777a 4500</leader>
   <datafield ind2=" " ind1=" " tag="042">
      <subfield code="a">dc</subfield>
   </datafield>
   <datafield ind2=" " ind1=" " tag="720">
      <subfield code="a">Scarlett, Jonathan</subfield>
      <subfield code="e">author</subfield>
   </datafield>
   <datafield ind2=" " ind1=" " tag="720">
      <subfield code="a">Martínez, Alfonso, 1973-</subfield>
      <subfield code="e">author</subfield>
   </datafield>
   <datafield ind2=" " ind1=" " tag="720">
      <subfield code="a">Guillén i Fábregas, A. (Albert)</subfield>
      <subfield code="e">author</subfield>
   </datafield>
   <datafield ind2=" " ind1=" " tag="260">
      <subfield code="c">2018-12-07T14:53:14Z</subfield>
   </datafield>
   <datafield ind2=" " ind1=" " tag="260">
      <subfield code="c">2018-12-07T14:53:14Z</subfield>
   </datafield>
   <datafield ind2=" " ind1=" " tag="260">
      <subfield code="c">2014</subfield>
   </datafield>
   <datafield ind2=" " ind1=" " tag="520">
      <subfield code="a">This paper considers the problem of channel coding with a given (possibly suboptimal) maximum-metric decoding rule. A cost-constrained random-coding ensemble with multiple auxiliary costs is introduced, and is shown to achieve error exponents and second-order coding rates matching those of constant-composition random coding, while being directly applicable to channels with infinite or continuous alphabets. The number of auxiliary costs required to match the error exponents and second-order rates of constant-composition coding is studied, and is shown to be at most two. For independent identically distributed random coding, asymptotic estimates of two well-known non-asymptotic bounds are given using saddlepoint approximations. Each expression is shown to characterize the asymptotic behavior of the corresponding random-coding bound at both fixed and varying rates, thus unifying the regimes characterized by error exponents, second-order rates, and moderate deviations. For fixed rates, novel exact asymptotics expressions are obtained to within a multiplicative 1+o(1) term. Using numerical examples, it is shown that the saddlepoint approximations are highly accurate even at short block lengths.</subfield>
   </datafield>
   <datafield ind2=" " ind1=" " tag="520">
      <subfield code="a">This work was supported in part by the European Research Council under Grant 259663, in part by the European Union’s 7th Framework Programme under Grant 303633, and in part by the Spanish Ministry of Economy and Competitiveness under Grants RYC-2011-08150 and TEC2012-38800-C03-03.</subfield>
   </datafield>
   <datafield tag="653" ind2=" " ind1=" ">
      <subfield code="a">Mismatched decoding</subfield>
   </datafield>
   <datafield tag="653" ind2=" " ind1=" ">
      <subfield code="a">Random coding</subfield>
   </datafield>
   <datafield tag="653" ind2=" " ind1=" ">
      <subfield code="a">Error exponents</subfield>
   </datafield>
   <datafield tag="653" ind2=" " ind1=" ">
      <subfield code="a">Second-order coding rate</subfield>
   </datafield>
   <datafield tag="653" ind2=" " ind1=" ">
      <subfield code="a">Channel dispersion</subfield>
   </datafield>
   <datafield tag="653" ind2=" " ind1=" ">
      <subfield code="a">Normal approximation</subfield>
   </datafield>
   <datafield tag="653" ind2=" " ind1=" ">
      <subfield code="a">Saddlepoint approximation</subfield>
   </datafield>
   <datafield tag="653" ind2=" " ind1=" ">
      <subfield code="a">Exact asymptotics</subfield>
   </datafield>
   <datafield tag="653" ind2=" " ind1=" ">
      <subfield code="a">Maximum-likelihood decoding</subfield>
   </datafield>
   <datafield tag="653" ind2=" " ind1=" ">
      <subfield code="a">Finite-length performance</subfield>
   </datafield>
   <datafield ind2="0" ind1="0" tag="245">
      <subfield code="a">Mismatched decoding: error exponents, second-order rates and saddlepoint approximations</subfield>
   </datafield>
</record></metadata></record></GetRecord></OAI-PMH>